| 000 | 00616nam a2200193Ia 4500 | ||
|---|---|---|---|
| 005 | 20250508161911.0 | ||
| 008 | 008 250505s9999 xx 000 0 eng d | ||
| 037 | _aDissertations | ||
| 040 |
_aFEDL _beng _cFEDL |
||
| 041 |
_aeng _2eng |
||
| 084 |
_a371.1, MAS/DI _qFEDL |
||
| 100 |
_aMasih Hemlini _9771769 |
||
| 245 | 0 | _aStudy dominance-submission in secondary school teachers in relation to their attitudes towards the teaching profession | |
| 260 | _c1978 | ||
| 300 | _a52p. | ||
| 546 | _aM.Ed. Dissertation (Delhi University) | ||
| 942 |
_cDIS _h371.1, MAS/DI |
||
| 999 |
_c1373074 _d1373074 |
||